000 00367nam a22001217a 4500
040 _cRUA
082 _aANN ឡោ 2021 A126 Or.1
100 _aឡោ ប៊ុណ្ណា
245 _aAnnual Report 2021, របាយការណ៍ប្រចាំឆ្នាំ២០២១​
260 _aPHNOM PENH
_bRUA
_c2021
300 _avii,
_bill,
_c29cm,
942 _cREC
999 _c25183
_d25183